[Event "Mittelfranken-chTB1 1718"]
[Site "Mittelfranken"]
[Date "2017.10.08"]
[Round "1.4"]
[White "Vielsaecker, Dirk"]
[Black "Sandner, Andreas"]
[Result "1/2-1/2"]
[WhiteElo "1946"]
[BlackElo "1848"]
[PlyCount "46"]
[EventDate "2017.10.08"]
[EventType "team-tourn"]
[EventRounds "9"]
[EventCountry "GER"]
[SourceTitle "EXT 2022"]
[Source "ChessBase"]
[SourceDate "2021.10.06"]
[SourceVersion "1"]
[SourceVersionDate "2021.10.06"]
[SourceQuality "1"]
[WhiteTeam "Lauf SV"]
[BlackTeam "Bechhofen"]
[WhiteTeamCountry "GER"]
[BlackTeamCountry "GER"]

1. c4 Nf6 2. g3 c5 3. Bg2 g6 4. Nc3 Bg7 5. Nf3 Nc6 6. 0-0 0-0 7. d4 cxd4 8. Nxd4 Nxd4 9. Qxd4 d6 10. Qd3 a6 11. Be3 Rb8 12. Ba7 Ra8 13. Bd4 Rb8 14. Nd5 Nxd5 15. cxd5 Bf5 16. e4 Bd7 17. Bxg7 Kxg7 18. Qd4+ f6 19. f4 Rc8 20. Rfe1 Qc7 21. e5 Qc5 22. exf6+ exf6 23. Qxc5 Rxc5 1/2-1/2

[Event "Mittelfranken-chTB1 1617"]
[Site "Mittelfranken"]
[Date "2016.12.11"]
[Round "4.5"]
[White "Hannweber, Markus"]
[Black "Sandner, Andreas"]
[Result "1-0"]
[WhiteElo "1850"]
[BlackElo "1848"]
[PlyCount "117"]
[EventDate "2016.10.23"]
[EventType "team-tourn"]
[EventRounds "9"]
[EventCountry "GER"]
[SourceTitle "EXT 2022"]
[Source "ChessBase"]
[SourceDate "2021.10.06"]
[SourceVersion "1"]
[SourceVersionDate "2021.10.06"]
[SourceQuality "1"]
[WhiteTeam "Nuernberg SK 1911"]
[BlackTeam "Bechhofen"]
[WhiteTeamCountry "GER"]
[BlackTeamCountry "GER"]

1. e4 c6 2. d4 d5 3. Nc3 dxe4 4. Nxe4 Bf5 5. Ng3 Bg6 6. Nf3 Nd7 7. Bd3 Bxd3 8. Qxd3 Ngf6 9. 0-0 e6 10. Bd2 Bd6 11. Rfe1 0-0 12. Rad1 Qc7 13. Ne4 Be7 14. h3 h6 15. c3 Rfd8 16. Qc2 c5 17. dxc5 Nxc5 18. Nxf6+ Bxf6 19. Be3 a6 20. Rxd8+ Rxd8 21. Rd1 Rxd1+ 22. Qxd1 Nd7 23. Qd3 Nb6 24. Nd2 Na4 25. Qc2 Nc5 26. b4 Nd7 27. c4 Qc6 28. a4 Be7 29. Qb3 Qc7 30. c5 a5 31. bxa5 Nxc5 32. Qb5 Na6 33. Nb3 Bf8 34. Qb6 Bd6 35. Nd4 Qxb6 36. axb6 Bc5 37. Nb5 Bxe3 38. fxe3 Nc5 39. a5 Na6 40. Nd6 Kf8 41. Nxb7 Ke7 42. Kf2 Kd7 43. Ke2 Kc6 44. Nd8+ Kb5 45. Nxf7 Kxa5 46. Nd8 Kxb6 47. Nxe6 g6 48. Kf3 Kc6 49. Nd8+ Kd5 50. e4+ Kd4 51. Kf4 Nc7 52. Nc6+ Kc5 53. Ne7 Ne6+ 54. Ke5 Nf8 55. Kf6 g5 56. Nf5 Kc4 57. Nxh6 Kd4 58. Kf5 Nh7 59. Nf7 1-0

[Event "Mittelfranken-chTB1 1617"]
[Site "Mittelfranken"]
[Date "2016.11.13"]
[Round "2.5"]
[White "Link, Andreas"]
[Black "Sandner, Andreas"]
[Result "1/2-1/2"]
[WhiteElo "1950"]
[BlackElo "1848"]
[PlyCount "90"]
[EventDate "2016.10.23"]
[EventType "team-tourn"]
[EventRounds "9"]
[EventCountry "GER"]
[SourceTitle "EXT 2022"]
[Source "ChessBase"]
[SourceDate "2021.10.06"]
[SourceVersion "1"]
[SourceVersionDate "2021.10.06"]
[SourceQuality "1"]
[WhiteTeam "Nuernberg Zabo Eintracht"]
[BlackTeam "Bechhofen"]
[WhiteTeamCountry "GER"]
[BlackTeamCountry "GER"]

1. c4 Nf6 2. Nf3 c5 3. Nc3 b6 4. g3 Bb7 5. Bg2 e6 6. 0-0 Be7 7. d4 cxd4 8. Nxd4 Bxg2 9. Kxg2 0-0 10. e4 d6 11. Be3 Qc8 12. Qe2 Qb7 13. f3 Nbd7 14. Bg1 Rac8 15. Rac1 a6 16. Rfd1 Rfe8 17. Nc2 Bf8 18. Ne3 Ne5 19. Kf1 Rb8 20. a4 Rbd8 21. Bf2 g6 22. g4 Nc6 23. Kg1 Nd7 24. g5 Nc5 25. Ng4 Nd7 26. f4 Nb4 27. Bd4 d5 28. Nf6+ Nxf6 29. Bxf6 Bc5+ 30. Kf1 Be7 31. cxd5 exd5 32. e5 Bxf6 33. gxf6 d4 34. Ne4 d3 35. Qf3 Rd4 36. Ng5 Qxf3+ 37. Nxf3 Rxf4 38. Kg2 Re4 39. Kg3 Rd8 40. Rc7 h6 41. Rd2 b5 42. axb5 axb5 43. b3 g5 44. h3 Re3 45. Kf2 Re4 1/2-1/2

[Event "Mittelfranken-chTB2a 1516"]
[Site "Mittelfranken"]
[Date "2015.11.08"]
[Round "2.6"]
[White "Sandner, Andreas"]
[Black "Classen, Anton"]
[Result "1/2-1/2"]
[WhiteElo "1858"]
[BlackElo "1820"]
[PlyCount "43"]
[EventDate "2015.10.18"]
[EventType "team-tourn"]
[EventRounds "9"]
[EventCountry "GER"]
[SourceTitle "EXT 2020"]
[Source "ChessBase"]
[SourceDate "2019.10.17"]
[SourceVersion "1"]
[SourceVersionDate "2019.10.17"]
[SourceQuality "1"]
[WhiteTeam "Bechhofen II"]
[BlackTeam "Buechenbach/Roth II"]
[WhiteTeamCountry "GER"]
[BlackTeamCountry "GER"]

1. e4 Nf6 2. e5 Nd5 3. d4 d6 4. c4 Nb6 5. f4 dxe5 6. fxe5 Nc6 7. Be3 Bf5 8. a3 e6 9. Nf3 Bg4 10. Nbd2 Be7 11. Be2 0-0 12. 0-0 f6 13. Qc2 fxe5 14. dxe5 Nxe5 15. Qe4 Nxf3+ 16. Nxf3 Bxf3 17. Qxe6+ Kh8 18. Bxf3 c6 19. Rad1 Qe8 20. c5 Na4 21. b4 Bf6 22. Bc1 1/2-1/2

[Event "Mittelfranken-chTB2a 1314"]
[Site "Mittelfranken"]
[Date "2013.11.17"]
[Round "2.4"]
[White "Sandner, Andreas"]
[Black "Schilay, Lorenz"]
[Result "1-0"]
[WhiteElo "1858"]
[BlackElo "1806"]
[PlyCount "119"]
[EventDate "2013.10.20"]
[EventType "team-tourn"]
[EventRounds "9"]
[EventCountry "GER"]
[SourceTitle "EXT 2020"]
[Source "ChessBase"]
[SourceDate "2019.10.17"]
[SourceVersion "1"]
[SourceVersionDate "2019.10.17"]
[SourceQuality "1"]
[WhiteTeam "Bechhofen II"]
[BlackTeam "Neumarkt II"]
[WhiteTeamCountry "GER"]
[BlackTeamCountry "GER"]

1. e4 e5 2. Nf3 Nc6 3. d4 exd4 4. Nxd4 Qh4 5. Nc3 Bb4 6. Ndb5 Ba5 7. Bd3 a6 8. Na3 b5 9. Nab1 Bb7 10. 0-0 Nge7 11. Be3 Ne5 12. f3 Nxd3 13. Qxd3 d6 14. a4 b4 15. Nd5 Nxd5 16. exd5 0-0 17. c4 bxc3 18. Nxc3 Rfe8 19. Ne4 f5 20. Nf2 Re5 21. Rfd1 Bxd5 22. f4 Rxe3 23. Qxd5+ Kf8 24. Qxa8+ Ke7 25. b4 Bxb4 26. Qb7 Ba5 27. Qxa6 Bb4 28. Rac1 Bc5 29. Re1 Re4 30. Rxe4+ fxe4 31. Qe2 Qxf4 32. Rxc5 dxc5 33. Qxe4+ Qxe4 34. Nxe4 c4 35. Kf2 Ke6 36. Ke3 Kd5 37. a5 Kc6 38. Kd4 Kb5 39. a6 c3 40. Kxc3 Kxa6 41. Ng5 h6 42. Ne6 g5 43. Nxc7+ Kb6 44. Ne6 Kc6 45. Kd3 Kd5 46. Nd8 g4 47. Ke3 h5 48. Kf4 Kd4 49. Ne6+ Kd3 50. Ng7 Ke2 51. Nxh5 Kf2 52. g3 Kg2 53. Kxg4 Kxh2 54. Kh4 Kh1 55. g4 Kg2 56. g5 Kf3 57. g6 Ke4 58. g7 Ke5 59. g8Q Kd4 60. Qe6 1-0

[Event "Nuremberg Zabo op 15th"]
[Site "Nuremberg"]
[Date "2013.09.22"]
[Round "5"]
[White "Sandner, Andreas"]
[Black "Mueller, Ludwig"]
[Result "1/2-1/2"]
[WhiteElo "1849"]
[BlackElo "1582"]
[PlyCount "114"]
[EventDate "2013.09.20"]
[EventType "swiss"]
[EventRounds "5"]
[EventCountry "GER"]
[SourceTitle "EXT 2016"]
[Source "ChessBase"]
[SourceDate "2015.10.08"]
[SourceVersion "1"]
[SourceVersionDate "2015.10.08"]
[SourceQuality "1"]

1. d4 b6 2. c4 Bb7 3. Nf3 e6 4. g3 Bxf3 5. exf3 Bb4+ 6. Bd2 Bxd2+ 7. Qxd2 Nf6 8. Bg2 0-0 9. 0-0 d5 10. Nc3 c6 11. b3 Nbd7 12. f4 Re8 13. Rac1 Nf8 14. Rfd1 Qd7 15. Qd3 Rac8 16. Rd2 Ng6 17. Nd1 Ne7 18. Ne3 Qb7 19. Re1 g6 20. h3 Nf5 21. Ng4 Nxg4 22. hxg4 Nd6 23. Bf3 f5 24. Bd1 Ne4 25. Rc2 Qf7 26. f3 Nd6 27. g5 Rc7 28. c5 bxc5 29. Rxc5 Nb7 30. Rc3 c5 31. Re2 Rec8 32. Rec2 cxd4 33. Qxd4 Qe7 34. Be2 Rxc3 35. Rxc3 Rxc3 36. Qxc3 Qc5+ 37. Qxc5 Nxc5 38. Kf2 Kf7 39. Ke3 Ke7 40. Kd4 Kd6 41. b4 Na4 42. g4 fxg4 43. fxg4 Nb6 44. Bb5 Nc8 45. Bd3 Ne7 46. b5 Nc8 47. a4 Nb6 48. a5 Nd7 49. Bc2 e5+ 50. fxe5+ Nxe5 51. Bd1 Nc4 52. a6 Nb6 53. Bb3 Ke6 54. Kc5 Ke5 55. Kc6 d4 56. Kb7 Kd6 57. Bc2 Nd7 1/2-1/2

[Event "Regionalliga NO 1213"]
[Site "Bayern"]
[Date "2013.02.24"]
[Round "7.8"]
[White "Sandner, Andreas"]
[Black "Bachstein, Dustin"]
[Result "1-0"]
[WhiteElo "1849"]
[BlackElo "1993"]
[PlyCount "107"]
[EventDate "2012.10.14"]
[EventType "team-tourn"]
[EventRounds "9"]
[EventCountry "GER"]
[SourceTitle "EXT 2015"]
[Source "ChessBase"]
[SourceDate "2014.11.20"]
[SourceVersion "1"]
[SourceVersionDate "2014.11.20"]
[SourceQuality "1"]
[WhiteTeam "Bechhofen"]
[BlackTeam "Erlangen"]
[WhiteTeamCountry "GER"]
[BlackTeamCountry "GER"]

1. e4 c5 2. Nf3 Nc6 3. d4 cxd4 4. Nxd4 g6 5. Nc3 Bg7 6. Be3 Nf6 7. Nxc6 bxc6 8. e5 Nd5 9. Nxd5 cxd5 10. Qxd5 Rb8 11. Bc4 e6 12. Qc5 Bb7 13. 0-0 Rc8 14. Qxa7 Bxg2 15. Kxg2 Rxc4 16. f4 Rxc2+ 17. Rf2 Qc8 18. Qd4 0-0 19. Rxc2 Qxc2+ 20. Qd2 Qe4+ 21. Kg1 g5 22. Re1 Qf5 23. b4 gxf4 24. Bxf4 Kh8 25. Bg3 Rg8 26. Kh1 h5 27. Qd4 Qf3+ 28. Kg1 Bh6 29. Qe4 Qc3 30. Kh1 Rg4 31. Qe2 Qxb4 32. Rf1 h4 33. Be1 Qd4 34. h3 Qd5+ 35. Qf3 Rf4 36. Qxd5 Rxf1+ 37. Kg2 exd5 38. Kxf1 Bg7 39. Bc3 Kg8 40. a4 Bf8 41. Bd4 Bb4 42. Bb6 Bc3 43. a5 Bxe5 44. a6 Bb8 45. a7 Bxa7 46. Bxa7 Kg7 47. Bf2 Kg6 48. Bxh4 Kf5 49. Bg3 Ke4 50. Ke2 f5 51. h4 f4 52. Bf2 d4 53. Be1 f3+ 54. Kd2 1-0

[Event "Regionalliga NO 1213"]
[Site "Bayern"]
[Date "2012.12.09"]
[Round "4.8"]
[White "Sikorsky, Reinhard"]
[Black "Sandner, Andreas"]
[Result "1/2-1/2"]
[WhiteElo "1605"]
[BlackElo "1849"]
[PlyCount "46"]
[EventDate "2012.10.14"]
[EventType "team-tourn"]
[EventRounds "9"]
[EventCountry "GER"]
[SourceTitle "EXT 2015"]
[Source "ChessBase"]
[SourceDate "2014.11.20"]
[SourceVersion "1"]
[SourceVersionDate "2014.11.20"]
[SourceQuality "1"]
[WhiteTeam "Gunzenhausen"]
[BlackTeam "Bechhofen"]
[WhiteTeamCountry "GER"]
[BlackTeamCountry "GER"]

1. e4 d6 2. d4 Nf6 3. Nc3 e5 4. dxe5 dxe5 5. Qxd8+ Kxd8 6. Bg5 Bd6 7. Nd5 Nbd7 8. 0-0-0 Ke8 9. Nxf6+ Nxf6 10. f3 Be6 11. Kb1 Nd7 12. Ne2 f6 13. Be3 Kf7 14. Nc3 a6 15. Nd5 Rhd8 16. Be2 Bxd5 17. Rxd5 Nb6 18. Bxb6 cxb6 19. Rhd1 Ke7 20. Bc4 Rac8 21. Bb3 Rc7 22. R5d2 Rcd7 23. Bd5 Rc7 1/2-1/2

[Event "Mittelfranken-chTB2a 1112"]
[Site "Germany"]
[Date "2012.01.15"]
[Round "5.7"]
[White "Sandner, Andreas"]
[Black "Meulner, Fabian"]
[Result "1-0"]
[WhiteElo "1879"]
[BlackElo "1678"]
[PlyCount "67"]
[EventDate "2011.09.25"]
[EventType "team-tourn"]
[EventRounds "9"]
[EventCountry "GER"]
[SourceTitle "EXT 2013"]
[Source "ChessBase"]
[SourceDate "2012.11.22"]
[SourceVersion "1"]
[SourceVersionDate "2012.11.22"]
[SourceQuality "1"]
[WhiteTeam "Bechhofen II"]
[BlackTeam "Nuernberg Sued SW III"]
[WhiteTeamCountry "GER"]
[BlackTeamCountry "GER"]

1. e4 d5 2. exd5 Nf6 3. Bb5+ Bd7 4. Bc4 Bg4 5. Nf3 Nxd5 6. Nc3 e6 7. d4 Nc6 8. Be3 Bb4 9. Qd3 Nxe3 10. fxe3 Bxf3 11. gxf3 Qh4+ 12. Ke2 0-0-0 13. Qe4 Qh5 14. Rag1 Bxc3 15. bxc3 g6 16. Qf4 Qa5 17. Qxf7 Qxc3 18. Bb3 Kb8 19. Rd1 Rhf8 20. Qxh7 Nxd4+ 21. exd4 Qxf3+ 22. Kd2 Rh8 23. Qg7 Qf4+ 24. Kc3 Qf3+ 25. Kb2 Rhg8 26. Qe5 Rd6 27. Rhg1 a6 28. Rd2 Rc6 29. Rdg2 Qc3+ 30. Kb1 a5 31. Qe1 Qxd4 32. Qxa5 Rb6 33. Rg5 Rg7 34. Qe5 1-0

[Event "Mittelfranken-chTB2b 0809"]
[Site "Mittelfranken"]
[Date "2009.02.08"]
[Round "6.1"]
[White "Sandner, Andreas"]
[Black "Simon, Martin"]
[Result "1/2-1/2"]
[WhiteElo "1719"]
[BlackElo "1996"]
[PlyCount "61"]
[EventDate "2008.10.12"]
[EventType "team"]
[EventRounds "9"]
[EventCountry "GER"]
[SourceTitle "EXT 2011"]
[Source "ChessBase"]
[SourceDate "2010.11.26"]
[SourceVersion "1"]
[SourceVersionDate "2010.11.26"]
[SourceQuality "1"]
[WhiteTeam "Bechhofen II"]
[BlackTeam "Neumarkt"]
[WhiteTeamCountry "GER"]
[BlackTeamCountry "GER"]

1. e4 e5 2. Nf3 Nc6 3. d4 exd4 4. Nxd4 Bc5 5. Be3 Qf6 6. Nb5 Bxe3 7. fxe3 Qh4+ 8. g3 Qd8 9. Qg4 g6 10. Qf4 d6 11. Bc4 Be6 12. Bxe6 fxe6 13. 0-0 Kd7 14. N1c3 Qe7 15. Rad1 a6 16. Nd4 g5 17. Nxc6 bxc6 18. Qf3 h5 19. e5 g4 20. Qf4 Nh6 21. exd6 cxd6 22. Ne4 Nf5 23. Nc5+ Kc7 24. e4 Ng7 25. Qf7 Rhe8 26. Nd3 Rad8 27. c4 Rd7 28. Qxe7 Rdxe7 29. Rf6 Rh8 30. Rdf1 Kd7 31. Rf7 1/2-1/2

[Event "Mittelfranken-chTB2b 0809"]
[Site "Mittelfranken"]
[Date "2008.10.12"]
[Round "1.1"]
[White "Fink, Martin"]
[Black "Sandner, Andreas"]
[Result "1-0"]
[WhiteElo "1911"]
[BlackElo "1719"]
[PlyCount "63"]
[EventDate "2008.10.12"]
[EventType "team"]
[EventRounds "9"]
[EventCountry "GER"]
[SourceTitle "EXT 2011"]
[Source "ChessBase"]
[SourceDate "2010.11.26"]
[SourceVersion "1"]
[SourceVersionDate "2010.11.26"]
[SourceQuality "1"]
[WhiteTeam "Heideck/Hilpoltstein"]
[BlackTeam "Bechhofen II"]
[WhiteTeamCountry "GER"]
[BlackTeamCountry "GER"]

1. e4 e6 2. d4 d5 3. exd5 exd5 4. Nf3 Bd6 5. Bg5 Ne7 6. Bd3 Nbc6 7. 0-0 Bg4 8. c3 Qd7 9. Nbd2 f6 10. Bh4 g5 11. Bg3 0-0-0 12. Bxd6 Qxd6 13. Qc2 Kb8 14. b4 Ng6 15. Rfe1 Nce7 16. c4 dxc4 17. Nxc4 Qd7 18. Ncd2 Bxf3 19. Nxf3 g4 20. Bxg6 hxg6 21. Nd2 Qxd4 22. Nb3 Qd6 23. g3 Qc6 24. Nc5 Nf5 25. b5 Qd5 26. Ne6 Rc8 27. Rad1 Qxb5 28. Qe4 Qc6 29. Qxc6 bxc6 30. Rb1+ Ka8 31. Rb4 Rhe8 32. Nxc7+ 1-0